00659npc a2200193Ia 4500001001300000003001000013008004100023040002500064041000700089100001900096245011900115250001100234260005100245300001100296500009900307650001600406700002300422700002000445dg102-43329 IT-MiCISF161014s9999||||xx | und|| aIT-MiCISFcIT-MiCISF ait aMesini Daniela 0aIl lavoro privato di cura in LombardiabCaratteristiche e tendenze in materia di qualificazione e regolarizzazione a1a ed. a MilanobIstituto per la Ricerca Socialec2006 app. 68 a / lavoro, cura, assistenza-domiciliare, servizi-anziani, invecchiamento, metodo-d'indagine /  asalute-cura aPasquinelli Sergio aRusmini Giselda